00666nam a2200241 a 4500001001300000003000900013005001700022008004100039020000800080082001700088100001900105245002200124260004300146300000900189500003500198505001000233650001900243700001900262902000800281942000700289952011300296999001500409nice12345678IN_TiNIC20260116011827.0050524s1906 rama grp 000 0 urd  ac400a297.822bNAJ aNajmul Ghani,  aBohron Ki Tareekh aRampurbNur-I-Jehan Publicationsc1906 a536p aincludes index and biblioraphy2 aIndex aDawoodi Bohras1 aNajmul Ghani,  bSRS cBK 001040708StackRoom-aHMIbHMId2007-06-29g4.00l0o297.822 NAJp06904r2007-06-29v4.00w2005-05-24yBK c4249d4249